| 000 | 00364nam a22001337a 4500 | ||
|---|---|---|---|
| 999 |
_c18636 _d18636 |
||
| 008 | 201125b xxu||||| |||| 00| 0 eng d | ||
| 020 | _a9780521118248 | ||
| 050 |
_aK 123 _b.L83 2007 C.2 |
||
| 100 | _aLuban, David. | ||
| 245 |
_aLegal Ethics and Human Dignity/ _cDavid Luban |
||
| 260 |
_aNew york: _bCambridge, _c2007. |
||
| 300 | _axii, 337p. | ||
| 942 |
_2lcc _cBK |
||